| 000 | 00387nam a22001697a 4500 | ||
|---|---|---|---|
| 005 | 20251108172622.0 | ||
| 008 | 250721s9999 xx 000 0 eng d | ||
| 082 | 1 | 4 | _a004ZOR |
| 100 | 1 | _aZorkoczy, Peter | |
| 245 | 1 | 0 | _aInformation technology / |
| 250 | _a3 | ||
| 264 | 1 |
_aLondon : _bPitman, |
|
| 300 | _a191 p | ||
| 650 | 1 | 7 | _aData processing |
| 942 |
_2ddc _cBK |
||
| 999 |
_c84185 _d84185 |
||